000 00323nam a2200133Ia 4500
008 220216s9999 xx 000 0 und d
100 _aOuseph T.
245 0 _aDrought and the rubber planting
260 _bRubber Board Bulletin
_c1987
300 _a24-26
650 _aDrought
650 _aRubber planting
942 _cBS
999 _c51157
_d51157